000 01154cam a22003978a 4500
999 _c434
_d434
001 ocn184738553
003 ALUPE UNIVERSITY
005 20210614083715.0
008 071204s2008 onc 001 0 eng
016 _a20079074413
020 _a9780070980969
020 _a0070980969
029 0 _aNLC
_b20079074413
035 _a(Sirsi) a2453246
040 _aNLC
_beng
_cNLC
050 _aHF5635
_b.F43 2008
055 0 _aHF5635
_bF43 2008
082 0 _a657
_222
090 _a657 FIN
090 _a657 F3715 2008
245 0 0 _aFinancial accounting /
_cRobert Libby ... [and others].
250 _aThird Canadian edition
260 _aWhitby, Ont. :
_bMcGraw-Hill Ryerson,
_c2008.
336 _atext
_btxt
_2rdacontent
337 _aunmediated
_bn
_2rdamedia
338 _avolume
_bnc
_2rdacarrier
500 _aIncludes index.
650 0 _aAccounting
_vTextbooks.
650 0 _aCorporations
_xAccounting
_vTextbooks.
650 0 _aFinancial statements
_vTextbooks.
650 0 _aCash management
_vTextbooks.
650 0 _aInventories
_xAccounting
_vTextbooks.
700 1 _aLibby, Robert.
910 _aCanadian
942 _2lcc
_cBK
_nDO